000 00764nam a2200241Ia 4500
003 GCL
008 140319s9999 xx 000 0 ara d
020 _a4907270977
040 _aGCL /
_cGCL
082 0 4 _a364.131
_bف ج
100 1 _aفؤاد شاكر
245 1 0 _aالجاسوسية والارهاب /
_cفؤاد شاكر
250 _aالاولى
260 _aالقاهرة :
_bالدار المصرية اللبنانية ،
_c2005
300 _a367 ص ؛
_c24 سم
490 _aحصاد القرن العشرين
_v13
650 0 4 _aالارهاب
650 0 4 _aالجرائم السياسية
650 0 4 _aالمخابرات العسكرية
650 0 4 _aالتخريب والتدمير
650 0 4 _aالجاسوسية
942 _2ddc
_cBK
999 _c8030
_d8030